<?xml version="1.0" encoding="UTF-8"?>
<record
    xmlns:xsi="http://www.w3.org/2001/XMLSchema-instance"
    xsi:schemaLocation="http://www.loc.gov/MARC21/slim http://www.loc.gov/standards/marcxml/schema/MARC21slim.xsd"
    xmlns="http://www.loc.gov/MARC21/slim">

  <leader>01267nam a2200301 a 4500</leader>
  <controlfield tag="001">BRCA_3268</controlfield>
  <controlfield tag="005">20190320204209.0</controlfield>
  <controlfield tag="008">120309s1837----enka---###---#000-0#eng-#</controlfield>
  <datafield tag="041" ind1=" " ind2=" ">
    <subfield code="a">eng</subfield>
  </datafield>
  <datafield tag="044" ind1=" " ind2=" ">
    <subfield code="a">enk</subfield>
  </datafield>
  <datafield tag="084" ind1=" " ind2=" ">
    <subfield code="a">569</subfield>
    <subfield code="b">.J66</subfield>
    <subfield code="c">1837</subfield>
  </datafield>
  <datafield tag="100" ind1="1" ind2=" ">
    <subfield code="a">Cervantes Saavedra, Miguel de</subfield>
    <subfield code="d">1547-1616</subfield>
    <subfield code="9">213</subfield>
  </datafield>
  <datafield tag="245" ind1="1" ind2="0">
    <subfield code="a">The Life and Exploits of Don Quixote de la Mancha</subfield>
    <subfield code="c">Translated from the Spanish of Miguel de Cervantes Saavedra by Charles Jarvis.</subfield>
  </datafield>
  <datafield tag="260" ind1=" " ind2=" ">
    <subfield code="a">Londres</subfield>
    <subfield code="b">Jons and Co.</subfield>
    <subfield code="c">1837</subfield>
  </datafield>
  <datafield tag="300" ind1=" " ind2=" ">
    <subfield code="a">2 v.</subfield>
    <subfield code="b">il.</subfield>
    <subfield code="c">19 cm.</subfield>
  </datafield>
  <datafield tag="500" ind1=" " ind2=" ">
    <subfield code="a">Contenido : v.1. Primera parte. Vida del autor extractada de la escrita por May&#xE1;ns. Pr&#xF3;logo de Cervantes. -- v.2. Segunda parte. Pr&#xF3;logo de Cervantes</subfield>
  </datafield>
  <datafield tag="500" ind1=" " ind2=" ">
    <subfield code="a">Reimpresi&#xF3;n de la edici&#xF3;n anterior [568] publicada por los mismos editores. Tela L&#xFA;dovik Osterc</subfield>
  </datafield>
  <datafield tag="500" ind1=" " ind2=" ">
    <subfield code="a">QM452A</subfield>
  </datafield>
  <datafield tag="546" ind1=" " ind2=" ">
    <subfield code="a">Texto en : ingl&#xE9;s</subfield>
  </datafield>
  <datafield tag="650" ind1="1" ind2="4">
    <subfield code="a">Novela espa&#xF1;ola</subfield>
    <subfield code="y">&#xC9;poca cl&#xE1;sica, 1500-1700</subfield>
    <subfield code="9">215</subfield>
  </datafield>
  <datafield tag="650" ind1="1" ind2="4">
    <subfield code="a">Literatura espa&#xF1;ola</subfield>
    <subfield code="y">&#xC9;poca cl&#xE1;sica, 1500-1700</subfield>
    <subfield code="9">216</subfield>
  </datafield>
  <datafield tag="650" ind1="1" ind2="4">
    <subfield code="a">Novela espa&#xF1;ola</subfield>
    <subfield code="y">Siglo XVII</subfield>
    <subfield code="9">217</subfield>
  </datafield>
  <datafield tag="650" ind1="1" ind2="4">
    <subfield code="a">Don Quijote (Personaje ficticio)</subfield>
    <subfield code="e">Novela</subfield>
    <subfield code="9">218</subfield>
  </datafield>
  <datafield tag="700" ind1="1" ind2=" ">
    <subfield code="a">Jarvis, Charles</subfield>
    <subfield code="d">?-1739</subfield>
    <subfield code="e">Traductor</subfield>
    <subfield code="9">8685</subfield>
  </datafield>
  <datafield tag="740" ind1="0" ind2=" ">
    <subfield code="a">El Ingenioso Hidalgo Don Quijote de la Mancha</subfield>
  </datafield>
  <datafield tag="902" ind1=" " ind2=" ">
    <subfield code="a">QFM</subfield>
  </datafield>
  <datafield tag="942" ind1=" " ind2=" ">
    <subfield code="2">lcc</subfield>
    <subfield code="c">B</subfield>
  </datafield>
  <datafield tag="999" ind1=" " ind2=" ">
    <subfield code="c">3004</subfield>
    <subfield code="d">3004</subfield>
  </datafield>
  <datafield tag="952" ind1=" " ind2=" ">
    <subfield code="0">0</subfield>
    <subfield code="1">0</subfield>
    <subfield code="4">0</subfield>
    <subfield code="7">0</subfield>
    <subfield code="a">BRCA</subfield>
    <subfield code="b">BRCA</subfield>
    <subfield code="d">2009-03-12</subfield>
    <subfield code="i">QM452A</subfield>
    <subfield code="l">0</subfield>
    <subfield code="o">569 .J66 1837 (QM452A)</subfield>
    <subfield code="p">3265</subfield>
    <subfield code="r">2019-03-22 00:00:00</subfield>
    <subfield code="w">2019-03-22</subfield>
    <subfield code="y">B</subfield>
  </datafield>
</record>
